| 000 | 01141cad a22002295a 4500 | ||
|---|---|---|---|
| 001 | L154126 | ||
| 008 | 111018s20111017 d f s 000 0 eng u | ||
| 035 | _a(Sirsi) u154126 | ||
| 041 | 0 | _aeng | |
| 050 | _a333.33 $2 18 | ||
| 110 | 2 | _aRightmove | |
| 245 | 0 | 0 |
_aWidest ever price gulf between the north and south _h[electronic resource] |
| 260 |
_aLondon _bRightmove _c2011 |
||
| 490 | 0 | 0 |
_aRightmove House Price Index _vOctober 2011 |
| 520 | _aNational rise of 2.8% (£6 533) in new sellers' asking prices masks two-tier UK property market. Asking prices in the south rise by 4.7% to set new records while the north falls back 0.7% to levels firstachieved over six years ago in May 2005. Average property prices in the south (£336 743) are now more than double those in the north (£164 347.) Year on year growth is 1.5%. | ||
| 590 | _aKA | ||
| 650 | 2 | 4 | _aRIGHTMOVE HOUSE PRICE INDEX |
| 651 | 4 |
_aUnited Kingdom _y |
|
| 690 | _aPROPERTY-RESIDENTIAL PROPERTY-RESIDENTIAL PROPERTY MARKET | ||
| 856 | 4 | 0 |
_uhttps://www.rightmove.co.uk/news/files/2011/10/october-2011.pdf _zView the item free of charge at www.rightmove.co.uk |
| 942 | _n0 | ||
| 999 |
_c112854 _d112854 |
||